MARC

LEADER 00000nas a2200000 a 4500
001 ssj0001156
003 WaSeSS
005 20200512172242.0
006 m d
007 cr n
008 980610c19589999nyusx pss 0 0eng c
010 |a  2005233954 
016 7 |a 2019595-3  |2 DE-600 
016 7 |a 0207277  |2 DNLM 
016 7 |a A23955000  |2 DNLM 
016 7 |a 012431970  |2 Uk 
022 |a 1879-1913  |l 0002-9149  |y 0002-9149 
030 |a AJCDAG 
035 |a (WaSeSS)ssj0001156 
040 |a OH1  |b eng  |c OH1  |d OCL  |d OCLCQ  |d GUA  |d FQM  |d U9S  |d LGG  |d WAU  |d GUA  |d TEF  |d OCLCQ  |d OCLCO  |d OCLCQ  |d OPELS  |d OCLCF  |d OCLCO  |d OCLCQ  |d OCLCO  |d OCLCQ  |d Z5A  |d OCLCO  |d OCLCA  |d BUF  |d U3W  |d EZC  |d AU@  |d OCLCO  |d WYU  |d TKN  |d UKMGB  |d CCO  |d CNNAI  |d CSU  |d LIP  |d UAB  |d NTG  |d VT2  |d OCLCO  |d LEAUB  |d OCLCO  |d OCLCA  |d WaSeSS 
042 |a pcc 
050 1 4 |a RC681.A1 
060 0 0 |a W1  |b AM449 
082 0 4 |a 616.12  |2 23 
130 0 |a American journal of cardiology (Online) 
210 0 |a Am. j. cardiol.  |b (Online) 
222 4 |a The American journal of cardiology  |b (Online) 
245 1 4 |a The American journal of cardiology  |h [electronic resource]. 
246 1 3 |a AJC 
260 |a [New York, NY] :  |b Excerpta Medica, Inc. 
310 |a 24 times a year,  |b 1997- 
321 |a Frequency varies,  |b -1996 
362 1 |a Print began with v. 1, published in 1958. 
506 |a License restrictions may limit access. 
525 |a Includes numerous supplements. 
588 |a Description based on: Vol. 75, issue 1 (1 Jan. 1995); title from contents screen (ScienceDirect, viewed Feb. 25, 2005). 
588 |a Latest issue consulted: Vol. 95, issue 5 (1 Mar. 2005), viewed Feb. 25, 2005. 
650 0 |a Cardiovascular system  |x Diseases  |v Periodicals. 
650 6 |a Appareil cardiovasculaire  |x Maladies  |x Périodiques. 
650 6 |a Cardiologie  |x Périodiques. 
650 7 |a Cardiovascular system  |x Diseases.  |2 fast  |0 (OCoLC)fst00847181 
650 7 |a Cardiologie.  |2 gtt 
650 2 |a Societies, Medical  |v Periodicals. 
650 2 |a Cardiology. 
650 2 |a Societies, Medical. 
650 2 |a Cardiology  |v Periodicals. 
655 0 |a Electronic journals. 
776 0 8 |i Print version:  |t American journal of cardiology  |x 0002-9149  |w (DLC) 58041185  |w (OCoLC)850121 
856 4 0 |z Full text available from Research Library: 01/01/1997 to 2 months ago  |u https://search.proquest.com/publication/41200